The endless city : (Record no. 353227)

000 -LEADER
fixed length control field 01134 a2200313 4500
003 - CONTROL NUMBER IDENTIFIER
control field OSt
005 - DATE AND TIME OF LATEST TRANSACTION
control field 20180116192359.0
008 - FIXED-LENGTH DATA ELEMENTS--GENERAL INFORMATION
fixed length control field 120618t xxu||||| |||| 00| 0 eng d
010 ## - LIBRARY OF CONGRESS CONTROL NUMBER
LC control number 2011286003
020 ## - INTERNATIONAL STANDARD BOOK NUMBER
International Standard Book Number 9780714859569 (pbk.)
020 ## - INTERNATIONAL STANDARD BOOK NUMBER
International Standard Book Number 0714859567 (pbk.)
035 ## - SYSTEM CONTROL NUMBER
System control number (OCoLC)ocn656777082
040 ## - CATALOGING SOURCE
Transcribing agency 0
082 04 - DEWEY DECIMAL CLASSIFICATION NUMBER
Classification number 307.76
245 04 - TITLE STATEMENT
Title The endless city :
Remainder of title the urban age project by the London School of Economics and Deutsche Bank's Alfred Herrhausen Sociey /
Statement of responsibility, etc. edited by Ricky Burdett and Deyan Sudjic.
260 ## - PUBLICATION, DISTRIBUTION, ETC.
Place of publication, distribution, etc. London :
Name of publisher, distributor, etc. Phaidon,
Date of publication, distribution, etc. 2010.
300 ## - PHYSICAL DESCRIPTION
Extent 510 p. :
Other physical details ill. ;
Dimensions 24 cm.
500 ## - GENERAL NOTE
General note Originally published: 2007.
650 10 - SUBJECT ADDED ENTRY--TOPICAL TERM
Topical term or geographic name entry element Urbanization.
9 (RLIN) 4731
650 10 - SUBJECT ADDED ENTRY--TOPICAL TERM
Topical term or geographic name entry element Urban policy.
9 (RLIN) 4732
650 10 - SUBJECT ADDED ENTRY--TOPICAL TERM
Topical term or geographic name entry element City planning.
9 (RLIN) 4733
650 10 - SUBJECT ADDED ENTRY--TOPICAL TERM
Topical term or geographic name entry element Globalization.
9 (RLIN) 4734
700 1# - ADDED ENTRY--PERSONAL NAME
Personal name Burdett, Richard.
9 (RLIN) 4735
700 1# - ADDED ENTRY--PERSONAL NAME
Personal name Sudjic, Deyan.
9 (RLIN) 4736
710 2# - ADDED ENTRY--CORPORATE NAME
Corporate name or jurisdiction name as entry element London School of Economics and Political Science.
9 (RLIN) 4737
710 2# - ADDED ENTRY--CORPORATE NAME
Corporate name or jurisdiction name as entry element Alfred Herrhausen Gesellschaft für Internationalen Dialog.
9 (RLIN) 4738
942 ## - ADDED ENTRY ELEMENTS (KOHA)
Institution code [OBSOLETE] SADA
Koha item type Book
Call number prefix 307.76 END 2010
Source of classification or shelving scheme
Holdings
Withdrawn status Lost status Source of classification or shelving scheme Damaged status Not for loan Permanent Location Current Location Date acquired Total Checkouts Total Renewals Full call number Barcode Date last seen Date last checked out Cost, replacement price Price effective from Koha item type
          School of Art Design and Architecture (SADA) School of Art Design and Architecture (SADA) 06/28/2011 2 2 307.76 END 2010 SADA0001362 06/10/2015 03/31/2015 2881.00 08/05/2011 Book
© 2023 Central Library, National University of Sciences and Technology. All Rights Reserved.